000 00419nam a2200145Ia 4500
008 210210b1992 xxu||||| |||| 00| 0 eng d
082 _a307.76 SHAU
100 _aSHARMA (C L).
245 _aUrban community power structure: an empirical study of local elites.
260 _aNew Delhi.
_bClassical Publishing Company.,
_c1992
300 _axiii,182
650 _aUrban
690 _aUrban Sociology
906 _a047755
999 _c97027
_d97027